MDQL
is popping MORE tags! Check the
thread
!
Quizzes
Events
Quiz Creation
Community
Videos
Private Events
Remove Ads
Sign In
Join for FREE
Feedback
Dark Mode
Quiz Categories
Sports
Geography
Music
Movies
Television
Just For Fun
Miscellaneous
History
Literature
Language
Science
Gaming
Entertainment
Religion
Holiday
For Kids
Quiz Lab
Recent
Popular Today
Quiz Kudos Today
Editor Picks
Curator Picks
Quizzes by...
Day
Popularity
Type
Ratings
Length
Year
Community
Subscriptions
Recent Discussions
Orange Saloon
Badges
Playlists
Quests
Create
Leaderboards
Showdown
Live 5
Trivia Bingo
Activity
Puzzle Library
Sporcle Events
Private Events
Virtual Trivia
Globe League
Become a Host
Pub Owners
SporcleCon
Opinionation
Our Games
Videos
Blog
Mobile Apps
Partnerships
Remove Ads and Go Orange
Feedback
Gaming
Video Games
Board Games
Card Games
Pokémon
Mario
Nintendo
Minecraft
Console
Toys
Legend of Zelda
Gaming
Video Games
Board Games
Card Games
Pokémon
Mario
Nintendo
Minecraft
Console
Toys
Legend of Zelda
Random Quiz
Search Sporcle
×
Quiz Lab
Quiz Lab
Gaming
Esper
Type in answers that appear in a list
Type in answers that appear in a list
Classic
Best Score? Go Orange.
Final Fantasy 12 Espers Stats
Can you name the final fantasy 12 espers?
By
limboskunk
4m
13 Questions
250 Plays
250 Plays
250 Plays
Comments
Comments
Give Quiz Kudos
Give Quiz Kudos
-
- Ratings
hide this ad
Replay
Link that replays current quiz
Next Quiz
Link to next quiz in quiz playlist
You Got
0%
They Got
Avg Score
72%
Avg Friend Score
Upgrade to see
Score Distribution
Jump to the score distribution portion of the page
Score
0/13
Timer
04:00
0
Plays Today
Type
Esper
% Correct
Fire
Belias
94%
Dark
Zodiark
84.8%
Holy
Ultima
83.6%
Ice
Mateus
82.4%
Death
Zalera
74%
Gravity
Zeromus
72.8%
Water
Famfrit
72.4%
Non-
Elemental
Exodus
72.4%
Wind
Chaos
72.4%
Earth
Hashmal
63.6%
Poison
Cuchulainn
58%
Thunder
Adrammelech
57.2%
Soul
Shemhazai
54.8%
Quiz Playlist
Details
Report
Send in Message
Add To Playlist
Classic:
Type in answers that appear in a list
Last Updated: Feb 16, 2017
Quiz Scoreboard
CHALLENGE
Sign Up to Join the Scoreboard
Show All
Scores
Hide
Comments
May contain spoilers
Recently Published
Colored Red Africa Blitz
by spor1
Geography
30s
Find the 'City' Movie
by crazypaving
Movies
60s
5x2 Blitz: Bands
by SL_Kpop136
Music
30s
More to Explore
Quiz From the Vault
Featured Blog Post
14 Easter Pick-up Lines to Find Eggs With
hide this ad
You Might Also Like...
Tags
Esper
Final Fantasy
Today's Top Quizzes in Gaming
Browse Gaming
hide this ad
Top Contributed Quizzes in Gaming
1
Genshin murder mystery
2
Dead By Daylight Logic Puzzle
3
Destiny 2 exotic weapons by perk icons
4
League of Legends Pro Players by Career/Team History
5
Genshin Impact Logic Puzzle
6
Overwatch 2: Ultimate Ability Icons
7
Genshin Impact Logic Puzzle Quiz II
8
Overwatch Logic Puzzle
9
Who's on the WWE 2K24 Cover?
10
5-to-1: Legend of Zelda
Explore More
Trending Topics
Harry Potter
Kpop
NBA
Disney
Crossword
Marvel
Anime
Soccer
NFL
Puzzle
Country
The Office
Song
Pokémon
WWE
hide this ad
More By:
limboskunk
Quiz
Plays
Rating
Category
Featured
Created
Final Fantasy 7 Summons
1,682
4.57
Gaming
Jan 7, 2011
Final Fantasy 9 Eidolons
834
5.00
Gaming
Jan 9, 2011
Final Fantasy IX 10-1
631
5.00
Gaming
Jul 20, 2019
Final Fantasy X 10-1
517
5.00
Gaming
Oct 16, 2020
Final Fantasy VII 10-1
482
5.00
Gaming
Oct 15, 2020
Go to Creator's Profile
Score Distribution
Quiz Creator Spotlight
limboskunk
Follow
Send a Message
Quizzes Created
-
Created Quiz Play Count
-
More By This Creator
Popular Quizzes Today
1
Colored Red Africa Blitz
2
Find the 'City' Movie
3
Find the US States - No Outlines Minefield
4
5x2 Blitz: Bands
5
The Countries of the World
6
Find the US States
7
US States
8
Find the Countries of Europe - No Outlines Minefield
More Gaming Quizzes
Video Games by Cameo
Editor's Pick
Trending Quizzes
Colored Red Europe Blitz I
Colored Red Africa Blitz II
Colored Red Europe Blitz II
Colored Red Africa Blitz III
Colored Red Europe Blitz III
Recently Updated
How Do You Spell That?
pecheneg
Godzilla Movies
pecheneg
Grab Bag: 4-10 Letters
pecheneg
2024 March Madness Bracket
pecheneg
Famous TV Couples
Peacemaker
Champions League XIs: Real Madrid
pecheneg
Largest US Cities 1790-2010
pecheneg
Rides in Walt Disney World
pecheneg
Most Oscar Losses (Acting)
pecheneg
Beyoncé Albums
pecheneg
Trending Topics
Kpop
Crossword
Marvel
Harry Potter
NBA
Anime
Disney
Song
Country
NFL
Puzzle
Soccer
Pokémon
WWE
The Office
Your Account Isn't Verified!
In order to create a playlist on Sporcle, you need to verify the email address you used during registration. Go to your
Sporcle Settings
to finish the process.
Report this User
Report this user for behavior that violates our
Community Guidelines
.
Details:
Send Report
Go to the Sporcle.com Mobile Site →
Comments